000 00893nam a2200265Ia 4500
003 OSt
005 20220923211501.0
006 a|||||r|||| 00| 0
007 ta
008 Pun
020 _a9789352043651 (hbk)
_c295
024 _a319,692
037 _b775, 27/02/2017, H.K. Prakashan
_cTextual
040 _aARTS
_cARTS
_bPun
041 _2Pun
_aPun
082 _aO153:g, Q6
100 _aਰੇFਮ ਸਿੰਘ, ਥਦ.
_9160596
245 0 _aਸਾਹਿਤ ਸਮੀਖਿਆ
_b ਨਵੇ੍ਵ ਪ੍ਰਤੀਮਾਨ
260 _aਚੰਡੀਗੜ
_b ਲੋਕਗੀਤ ਪ੍ਰਕਾFਨ
_c2016
300 _a154ਪ੍ਰ0
_ccm.
650 _a ਪੰਜਾਾਬੀ ਸਾਹਿਤ
_9156350
650 _aਸ਼ਚਅਹ਼ਲਜ
942 _hO153:g, Q6
_cTEXL
_2CC
999 _c300003
_d300003